Every City in Summit County, Colorado - Statistics

General Stats
  • This quiz has been taken 49 times
  • The average score is 7 of 9
Answers on the Map
Answers color-coded by a green-red scale on the quiz's map according to % correct below.
 
Answer Stats
City % Correct
Breckenridge
100%
Silverthorne
95%
Dillon
93%
Frisco
93%
Copper Mountain
78%
Keystone
78%
Blue River
63%
Montezuma
59%
Heeney
37%
No matching quizzes found
Score Distribution
Percent of People with Each Score
Percentile by Number Answered
Your Score History
You have not taken this quiz